[Event "137th YMCA Winter D"]
[Site "Warszawa"]
[Date "2014.02.27"]
[Round "8"]
[White "Duda, Ryszard"]
[Black "Herman, Monika"]
[Result "0-1"]
[WhiteElo "1641"]
[BlackElo "1645"]
[PlyCount "106"]
[EventDate "2014.01.06"]
[EventType "tourn"]
[EventRounds "1"]
[EventCountry "POL"]
[SourceDate "2014.01.06"]

1. d4 Nf6 2. Nf3 e6 3. Nc3 Bb4 4. Bd2 d5 5. e3 Nbd7 6. Bd3 c5 7. a3 Bxc3 8.
Bxc3 c4 9. Be2 Ne4 10. Bd2 a5 11. a4 Qc7 12. c3 Nb6 13. Qc2 Bd7 14. O-O f6 15.
Ra3 g5 16. Rfa1 h5 17. Be1 Kf7 18. Nd2 f5 19. f3 Nxd2 20. Bxd2 Bc6 21. Bd1 g4
22. Be1 Qe7 23. Bg3 Nd7 24. Bf4 Rag8 25. g3 gxf3 26. Bxf3 h4 27. Bg2 hxg3 28.
Bxg3 Nf6 29. Qf2 Ke8 30. Kf1 Ng4 31. Qf4 Qg5 32. Qxg5 Rxg5 33. Bf4 Nxh2+ 34.
Kf2 Ng4+ 35. Kf3 Rgh5 36. Rg1 Ke7 37. b4 cxb3 38. Rxb3 Kd7 39. Rbb1 R8h7 40.
Bf1 Nh2+ 41. Bxh2 Rxh2 42. Bb5 R7h3+ 43. Rg3 Rxg3+ 44. Kxg3 Rc2 45. Bxc6+ Kxc6
46. Rb3 Ra2 47. Kf4 Rxa4 48. Ke5 Ra1 49. Kxe6 a4 50. Rb4 b5 51. Kxf5 a3 52. Rb3
a2 53. Ke5 Re1 0-1

[Event "137th YMCA Winter D"]
[Site "Warszawa"]
[Date "2014.02.24"]
[Round "8"]
[White "Kalhorn, Marcin"]
[Black "Kwiek, Janusz"]
[Result "0-1"]
[WhiteElo "1595"]
[BlackElo "1597"]
[PlyCount "128"]
[EventDate "2014.01.06"]
[EventType "tourn"]
[EventRounds "1"]
[EventCountry "POL"]
[SourceDate "2014.01.06"]

1. e4 e6 2. d3 d5 3. Nd2 c5 4. Ngf3 Nc6 5. g3 Nf6 6. Bg2 Be7 7. O-O Qc7 8. Re1
dxe4 9. dxe4 e5 10. h3 O-O 11. c3 h6 12. Qc2 Be6 13. Nf1 Rfd8 14. Ne3 Rd7 15.
Nf5 Bf8 16. g4 Bxf5 17. exf5 Rad8 18. Nd2 Re8 19. Ne4 Nxe4 20. Bxe4 f6 21. Be3
Red8 22. Rad1 b6 23. Qb3+ Kh8 24. Qa4 Nb8 25. Rxd7 Rxd7 26. b4 cxb4 27. cxb4
Qc4 28. Bg2 Qxb4 29. Qxb4 Bxb4 30. Rc1 Na6 31. Rc8+ Kh7 32. Bf1 Nc5 33. Bc4 g5
34. fxg6+ Kxg6 35. Rh8 Kg7 36. Rxh6 Bd2 37. Bxd2 Rxd2 38. Rh5 Ne4 39. f3 Ng5
40. f4 exf4 41. h4 Nf3+ 42. Kf1 Rh2 43. Bd5 Ne5 44. g5 fxg5 45. Rxg5+ Kf6 46.
Rh5 Ng4 47. Be4 Ne3+ 48. Ke1 Rxa2 49. Rh6+ Ke5 50. Bb7 Ng4 51. Rh5+ Kd4 52.
Rd5+ Ke3 53. Kd1 f3 54. Rf5 Nf2+ 55. Kc1 Nd3+ 56. Kb1 Rf2 57. h5 Rf1+ 58. Kc2
Rc1+ 59. Kb3 f2 60. Rf3+ Kd2 61. Ka2 f1=Q 62. h6 Ra1+ 63. Kb3 Nc5+ 64. Kb4 Ra4#
0-1

[Event "137th YMCA Winter D"]
[Site "Warszawa"]
[Date "2014.02.26"]
[Round "8"]
[White "Borowski, Marek"]
[Black "Sanz-Wawer, Daniel"]
[Result "1-0"]
[WhiteElo "1530"]
[BlackElo "1641"]
[PlyCount "75"]
[EventDate "2014.01.06"]
[EventType "tourn"]
[EventRounds "1"]
[EventCountry "POL"]
[SourceDate "2014.01.06"]

1. d4 Nf6 2. c4 e6 3. Nc3 Bb4 4. Qc2 c5 5. dxc5 Bxc5 6. Bf4 Nc6 7. Nf3 O-O 8.
a3 a5 9. e3 b6 10. Bd3 Bb7 11. Rd1 h6 12. h4 Re8 13. Nb5 e5 14. Bg5 hxg5 15.
hxg5 e4 16. gxf6 exd3 17. Qxd3 Qxf6 18. Nc7 Ne5 19. Qh7+ Kf8 20. Nxe5 Rxe5 21.
Rxd7 g6 22. Rxf7+ Qxf7 23. Qh8+ Ke7 24. Qxe5+ Kd7 25. Nxa8 Bxa8 26. Qh8 Qxc4
27. Rh7+ Be7 28. Qxa8 Qc1+ 29. Ke2 Qc2+ 30. Kf3 Qf5+ 31. Kg3 Qe5+ 32. Kh3 Ke6
33. Qc6+ Kf5 34. Qd7+ Kf6 35. Qxe7+ Qxe7 36. Rxe7 Kxe7 37. Kg4 Kf6 38. Kf4 1-0

[Event "137th YMCA Winter D"]
[Site "Warszawa"]
[Date "2014.02.25"]
[Round "8"]
[White "Bitowt, Jacek"]
[Black "Budrewicz, Henryk"]
[Result "1-0"]
[WhiteElo "1699"]
[BlackElo "1539"]
[PlyCount "148"]
[EventDate "2014.01.06"]
[EventType "tourn"]
[EventRounds "1"]
[EventCountry "POL"]
[SourceDate "2014.01.06"]

1. e4 c5 2. c3 Nf6 3. e5 Nd5 4. d4 cxd4 5. cxd4 d6 6. Nf3 Nc6 7. Bc4 Nb6 8. Bb5
dxe5 9. Nxe5 Bd7 10. Nc3 Nxe5 11. dxe5 Bxb5 12. Qxd8+ Rxd8 13. Nxb5 Nd5 14. Bd2
a6 15. Nc3 e6 16. a3 Be7 17. Ne4 O-O 18. Rc1 Rd7 19. O-O Rfd8 20. g3 g6 21. Rc2
Kg7 22. Rfc1 Rb8 23. Nc5 Rdd8 24. Kf1 h6 25. h4 g5 26. hxg5 hxg5 27. Ne4 Kg6
28. Kg2 Kf5 29. f3 Kxe5 30. Nxg5 Bxg5 31. Bxg5 f6 32. Bd2 f5 33. b4 Kd6 34. Rc4
Rh8 35. Rh1 Rxh1 36. Kxh1 Rh8+ 37. Kg2 e5 38. Bc1 Rg8 39. Kf2 Rh8 40. Rh4 Rxh4
41. gxh4 f4 42. Ke2 b5 43. Kd3 Nf6 44. Bb2 Kd5 45. Bc3 Ke6 46. Be1 Kf5 47. Bc3
Nd5 48. Bd2 Nf6 49. Be1 Nh5 50. Bc3 Ng3 51. Be1 e4+ 52. fxe4+ Nxe4 53. Ke2 Kg4
54. h5 f3+ 55. Ke3 Nf6 56. h6 Nh7 57. Bf2 Ng5 58. Kd4 Nh7 59. Kc5 Kg5 60. Be3+
Kf5 61. Kb6 Ke4 62. Bc5 Kd5 63. Kxa6 Kc4 64. Kb6 Kb3 65. Kxb5 Kxa3 66. Kc6 f2
67. Bxf2 Kxb4 68. Kd5 Kb5 69. Bh4 Nf8 70. Be7 Ng6 71. Ke6 Kc6 72. Kf6 Nh8 73.
Kg7 Kd7 74. Kxh8 Kxe7 1-0

[Event "137th YMCA Winter D"]
[Site "Warszawa"]
[Date "2014.03.04"]
[Round "9"]
[White "Budrewicz, Henryk"]
[Black "Bartczak, Hanna"]
[Result "0-1"]
[WhiteElo "1539"]
[BlackElo "1592"]
[PlyCount "86"]
[EventDate "2014.01.06"]
[EventType "tourn"]
[EventRounds "1"]
[EventCountry "POL"]
[SourceDate "2014.01.06"]

1. d4 Nf6 2. Bf4 d6 3. h3 g6 4. e3 Bg7 5. Nd2 O-O 6. Ngf3 c5 7. c3 Nc6 8. Be2
a6 9. a4 Bd7 10. dxc5 dxc5 11. O-O Na5 12. Ne5 Be6 13. Qc2 Nd7 14. Nxd7 Qxd7
15. Rfd1 Qc8 16. b3 Rd8 17. Nc4 Nxc4 18. bxc4 Bf5 19. Rxd8+ Qxd8 20. e4 Be6 21.
a5 Qc8 22. Rd1 Qc6 23. e5 Qc7 24. Qb3 Qxa5 25. Qxb7 Re8 26. Qb2 Qc7 27. Ra1 Bc8
28. Bf3 Bxe5 29. Bxe5 Qxe5 30. Rd1 Qc7 31. Qd2 Be6 32. Bd5 Bxd5 33. cxd5 Rd8
34. c4 a5 35. Ra1 Ra8 36. f4 a4 37. f5 Qe5 38. Re1 Qf6 39. fxg6 hxg6 40. Re4 a3
41. Qh6 a2 42. Rf4 a1=Q+ 43. Kh2 Qae5 0-1

[Event "137th YMCA Winter D"]
[Site "Warszawa"]
[Date "2014.03.07"]
[Round "9"]
[White "Sanz-Wawer, Daniel"]
[Black "Bitowt, Jacek"]
[Result "1/2-1/2"]
[WhiteElo "1641"]
[BlackElo "1699"]
[PlyCount "79"]
[EventDate "2014.01.06"]
[EventType "tourn"]
[EventRounds "1"]
[EventCountry "POL"]
[SourceDate "2014.01.06"]

1. e4 e5 2. Nf3 Nc6 3. Bc4 Nf6 4. d4 exd4 5. Ng5 d5 6. exd5 Na5 7. Bb5+ c6 8.
dxc6 bxc6 9. Qe2+ Be7 10. Bd3 h6 11. Ne4 Nxe4 12. Bxe4 O-O 13. O-O f5 14. Bd3
Bd6 15. Nd2 Qc7 16. h3 c5 17. Nc4 Nxc4 18. Bxc4+ Kh8 19. Bd5 Bb7 20. Bxb7 Qxb7
21. b3 Rae8 22. Qc4 Rf6 23. Bd2 Rg6 24. f3 Rge6 25. Rae1 Rxe1 26. Rxe1 Rxe1+
27. Bxe1 Qe7 28. Bf2 Qe5 29. g3 h5 30. Qf7 f4 31. gxf4 Qxf4 32. Qxh5+ Kg8 33.
Qe8+ Bf8 34. Qe6+ Kh8 35. Kg2 Bd6 36. Qe8+ Bf8 37. Qe4 Qg5+ 38. Qg4 Qe5 39. Qg3
Qf5 40. Qh4+ 1/2-1/2

[Event "137th YMCA Winter D"]
[Site "Warszawa"]
[Date "2014.03.03"]
[Round "9"]
[White "Kwiek, Janusz"]
[Black "Wrabel, Antoni"]
[Result "1/2-1/2"]
[WhiteElo "1597"]
[BlackElo "1712"]
[Annotator "Admin"]
[PlyCount "168"]
[EventDate "2014.01.06"]
[EventType "tourn"]
[EventRounds "1"]
[EventCountry "POL"]
[SourceDate "2014.01.06"]

1. Nf3 d5 2. d4 Nf6 3. c4 c6 4. e3 e6 5. Nc3 Be7 6. Bd3 dxc4 7. Bxc4 O-O 8. O-O
b5 9. Bd3 Bb7 10. Bd2 Nbd7 11. Rc1 a6 12. Ne4 Nxe4 13. Bxe4 Rc8 14. b4 Nf6 15.
Bb1 Nd5 16. a3 g6 17. Qb3 Nf6 18. Bd3 Bd6 19. Rc2 Qe7 20. Rfc1 Nd7 21. Be4 Nb8
22. h3 Rfd8 23. Bc3 a5 24. Ne1 a4 25. Qb2 Nd7 26. Bd2 Bb8 27. f4 Qd6 28. Nf3
Nb6 29. Bd3 Nd5 30. Ne5 f6 31. Nf3 Qe7 32. h4 Qd6 33. Kf2 Rf8 34. Rh1 Qe7 35.
Rcc1 e5 36. fxe5 fxe5 37. dxe5 Bxe5 38. Qc2 Qd6 39. Ke2 Rce8 40. Nxe5 Qxe5 41.
e4 Nf4+ 42. Bxf4 Qxf4 43. Rcf1 Qg4+ 44. Ke3 Qg3+ 45. Rf3 Rxf3+ 46. gxf3 Rf8 47.
Be2 Qf4+ 48. Kf2 Rd8 49. Qc5 Re8 50. Qe3 Qe5 51. Kg2 Bc8 52. Rd1 Qe6 53. Rh1
Qe5 54. Rd1 Qe6 55. Rh1 Qe7 56. Qg5 Kf7 57. Qh6 Kg8 58. h5 Qg7 59. hxg6 Qxg6+
60. Qxg6+ hxg6 61. Rd1 Kf7 62. Kg3 Be6 63. Kf4 Ke7 $11 64. Kg5 Bf7 65. f4 Rh8
66. Bg4 Be8 67. f5 gxf5 68. exf5 Rg8+ 69. Kf4 Bf7 70. Bf3 Rc8 71. Ke5 c5 72.
f6+ Ke8 73. bxc5 Rxc5+ 74. Kd6 Rc3 75. Bc6+ Kf8 76. Bxb5 Rxa3 77. Kc5 Bb3 78.
Rd4 Kf7 79. Rf4 Ra2 80. Kb4 Rd2 81. Bxa4 Bxa4 82. Kxa4 Rd6 83. Kb5 Rxf6 84.
Rxf6+ Kxf6 1/2-1/2

[Event "137th YMCA Winter D"]
[Site "Warszawa"]
[Date "2014.03.06"]
[Round "9"]
[White "Herman, Monika"]
[Black "Kalhorn, Marcin"]
[Result "1-0"]
[WhiteElo "1645"]
[BlackElo "1595"]
[PlyCount "119"]
[EventDate "2014.01.06"]
[EventType "tourn"]
[EventRounds "1"]
[EventCountry "POL"]
[SourceDate "2014.01.06"]

1. e4 c6 2. d4 d5 3. Nc3 dxe4 4. Nxe4 Bf5 5. Ng3 Bg6 6. Nf3 Nd7 7. h4 h6 8. h5
Bh7 9. Bd3 Bxd3 10. Qxd3 e6 11. Bf4 Qa5+ 12. Bd2 Bb4 13. c3 Be7 14. a3 Ngf6 15.
c4 Qc7 16. O-O-O b5 17. c5 a5 18. Ne4 O-O 19. Nxf6+ Nxf6 20. Ne5 Bxc5 21. Nxf7
Qxf7 22. dxc5 Nxh5 23. Qe4 Ra6 24. Bc3 Qf4+ 25. Qxf4 Nxf4 26. Rhe1 Nd5 27. Rxe6
Nxc3 28. bxc3 Rxf2 29. Rd2 Rf5 30. Rd7 Rxc5 31. Rg6 Rg5 32. Rdxg7+ Kf8 33. Rxg5
hxg5 34. Rxg5 Ke7 35. Rg6 Kd7 36. Kd2 Ra8 37. g4 Rf8 38. Rg7+ Kd6 39. g5 Rf2+
40. Ke3 Ra2 41. g6 Rxa3 42. Ra7 Rxc3+ 43. Kf4 Rc1 44. g7 Rg1 45. Ke4 a4 46. Kd3
c5 47. Ke4 c4 48. Kf5 c3 49. Ra6+ Kc5 50. Rg6 Rxg6 51. Kxg6 Kb4 52. g8=Q Ka3
53. Qc8 b4 54. Qc4 Kb2 55. Qxb4+ Kc2 56. Qxa4+ Kd2 57. Qd4+ Kc2 58. Kf5 Kb2 59.
Qb4+ Kc2 60. Ke4 1-0

[Event "137th YMCA Winter D"]
[Site "Warszawa"]
[Date "2014.03.07"]
[Round "9"]
[White "Kepa, Wojciech"]
[Black "Duda, Ryszard"]
[Result "0-1"]
[WhiteElo "1616"]
[BlackElo "1641"]
[PlyCount "98"]
[EventDate "2014.01.06"]
[EventType "tourn"]
[EventRounds "1"]
[EventCountry "POL"]
[SourceDate "2014.01.06"]

1. Nf3 Nf6 2. g3 d5 3. Bg2 e6 4. O-O Be7 5. c4 O-O 6. cxd5 exd5 7. d4 c6 8. Nc3
h6 9. Qc2 Be6 10. Ne5 Qc8 11. Re1 Nbd7 12. Bf4 Nxe5 13. Bxe5 Nd7 14. Bf4 f5 15.
Rac1 Nf6 16. Be5 Ne4 17. f3 Nxc3 18. Qxc3 a5 19. Qd3 Qd7 20. e4 fxe4 21. fxe4
Bg5 22. Rc2 Rf7 23. h4 Be7 24. exd5 Bxd5 25. Bxd5 Qxd5 26. Qc4 Qxc4 27. Rxc4
Bf6 28. Bxf6 Rxf6 29. Re7 Rf7 30. Rxf7 Kxf7 31. Kf2 Ke6 32. Ke3 Kd6 33. Rc5
Re8+ 34. Kd3 b6 35. Rf5 Re6 36. g4 Rf6 37. Rxf6+ gxf6 38. Ke4 Ke6 39. a4 b5 40.
axb5 cxb5 41. d5+ Kd6 42. Kf5 a4 43. Kxf6 b4 44. g5 hxg5 45. hxg5 a3 46. g6
axb2 47. g7 b1=Q 48. g8=Q Qf1+ 49. Kg7 Qg1+ 0-1

[Event "137th YMCA Winter D"]
[Site "Warszawa"]
[Date "2014.02.28"]
[Round "9"]
[White "Sobotka, Jan"]
[Black "Wilczynski, Adam"]
[Result "1/2-1/2"]
[WhiteElo "1573"]
[BlackElo "1664"]
[PlyCount "80"]
[EventDate "2014.01.06"]
[EventType "tourn"]
[EventRounds "1"]
[EventCountry "POL"]
[SourceDate "2014.01.06"]

1. d4 Nf6 2. c4 e6 3. Nf3 b6 4. Nc3 Bb7 5. e3 Bb4 6. a3 Bxc3+ 7. bxc3 O-O 8. g3
d6 9. Bg2 Nbd7 10. O-O Qe7 11. Re1 e5 12. Nxe5 Bxg2 13. Nxd7 Qxd7 14. Kxg2 Qc6+
15. Kg1 Qxc4 16. Bb2 Rae8 17. Qe2 Qe6 18. c4 Qh3 19. f3 Nd7 20. Qg2 Qe6 21. e4
f5 22. d5 Qf7 23. f4 fxe4 24. Rxe4 Nc5 25. Rxe8 Rxe8 26. Rf1 Re4 27. f5 Qe8 28.
f6 gxf6 29. Bxf6 Rxc4 30. Qf2 Re4 31. Qf5 Qg6 32. Qc8+ Re8 33. Qxc7 Ne4 34. Bd4
Nd2 35. Rf4 Re1+ 36. Kg2 Re2+ 37. Bf2 Re8 38. Bd4 Re2+ 39. Bf2 Re8 40. Bd4 Re2+
1/2-1/2

[Event "137th YMCA Winter D"]
[Site "Warszawa"]
[Date "2014.03.18"]
[Round "10"]
[White "Bartczak, Hanna"]
[Black "Wilczynski, Adam"]
[Result "0-1"]
[WhiteElo "1592"]
[BlackElo "1664"]
[PlyCount "68"]
[EventDate "2014.01.06"]
[EventType "tourn"]
[EventRounds "1"]
[EventCountry "POL"]
[SourceDate "2014.01.06"]

1. Nf3 Nf6 2. c4 b6 3. g3 Bb7 4. Bg2 e5 5. d3 Bb4+ 6. Bd2 a5 7. Nc3 O-O 8. O-O
Re8 9. a3 Bf8 10. Qc2 d6 11. b4 Nc6 12. Nb5 d5 13. Ng5 Nd4 14. Nxd4 exd4 15.
Rfe1 axb4 16. Bxb4 c5 17. Bd2 g6 18. Nh3 h6 19. Kf1 Ng4 20. Kg1 Bg7 21. Nf4 Nf6
22. Qb2 Rb8 23. cxd5 g5 24. Nh3 Bxd5 25. Bxd5 Nxd5 26. a4 Qd7 27. Kg2 Nc3 28.
Ng1 Qc6+ 29. f3 Nxa4 30. Qb3 b5 31. Rac1 Nb6 32. Ba5 Nd5 33. Bd2 b4 34. e4 dxe3
0-1

[Event "137th YMCA Winter D"]
[Site "Warszawa"]
[Date "2014.03.10"]
[Round "10"]
[White "Duda, Ryszard"]
[Black "Sobotka, Jan"]
[Result "0-1"]
[WhiteElo "1641"]
[BlackElo "1573"]
[PlyCount "108"]
[EventDate "2014.01.06"]
[EventType "tourn"]
[EventRounds "1"]
[EventCountry "POL"]
[SourceDate "2014.01.06"]

1. e4 c5 2. Nf3 Nc6 3. d4 cxd4 4. Nxd4 d6 5. Be3 Nf6 6. Nc3 a6 7. Be2 e5 8.
Nxc6 bxc6 9. O-O Be7 10. h3 d5 11. exd5 cxd5 12. Bg5 d4 13. Bxf6 Bxf6 14. Bf3
Rb8 15. Nd5 Rxb2 16. Qc1 Rb8 17. Qa3 Be7 18. Nxe7 Qxe7 19. Qa4+ Kf8 20. Rfe1 g6
21. Qa5 Rb5 22. Qd2 Qd6 23. Qh6+ Kg8 24. Be2 Rc5 25. Bd3 f5 26. f4 e4 27. Bxe4
fxe4 28. Rxe4 Rh5 29. Re8+ Kf7 30. Qxh5 gxh5 31. Rxh8 Bf5 32. Rb1 Kg7 33. Rbb8
Bxc2 34. Rhd8 Qxf4 35. Rb7+ Kh6 36. Rd5 Bg6 37. Rbd7 d3 38. R7d6 Qc1+ 39. Kh2
Qc2 40. Rxa6 Qc4 41. Rad6 h4 42. Rxd3 Qxd3 43. Rxd3 Bxd3 44. g3 Kg5 45. Kg2 Bc2
46. Kf2 Ba4 47. Kf3 Bc6+ 48. Kf2 h6 49. a3 h5 50. a4 Bxa4 51. Kg2 Bc6+ 52. Kh2
Bd5 53. gxh4+ Kxh4 54. Kg1 Kxh3 0-1

[Event "137th YMCA Winter D"]
[Site "Warszawa"]
[Date "2014.03.10"]
[Round "10"]
[White "Kalhorn, Marcin"]
[Black "Kepa, Wojciech"]
[Result "1/2-1/2"]
[WhiteElo "1595"]
[BlackElo "1616"]
[Annotator "Admin"]
[PlyCount "113"]
[EventDate "2014.01.06"]
[EventType "tourn"]
[EventRounds "1"]
[EventCountry "POL"]
[SourceDate "2014.01.06"]

1. c4 Nf6 2. g3 g6 3. Bg2 Bg7 4. Nc3 O-O 5. d3 e5 6. e4 d6 7. Nge2 Nbd7 8. O-O
c6 9. Be3 Ng4 10. Bd2 Nc5 11. h3 Nh6 12. Be3 f5 13. Qd2 Nf7 14. b4 Ne6 15. exf5
gxf5 16. f4 Nd4 17. Bf2 Nxe2+ 18. Nxe2 exf4 19. Rac1 fxg3 20. Bxg3 a5 21. a3
axb4 22. axb4 Ng5 23. Bf4 Nf7 24. d4 Qf6 25. Rcd1 Bd7 26. Ng3 Qg6 27. Kh2 Ra3
28. Ra1 Rfa8 29. Rxa3 Rxa3 30. Rd1 Bh6 31. Ne2 Bxf4+ 32. Qxf4 Rb3 33. Qd2 f4
34. Nxf4 Qg3+ 35. Kh1 Bf5 36. Ne2 Qe3 37. Qxe3 Rxe3 38. Nf4 Ng5 39. Kh2 Be4 40.
Bxe4 Nxe4 41. Rg1+ Kf7 42. Nh5 Re2+ 43. Rg2 Rxg2+ 44. Kxg2 b5 45. cxb5 cxb5 46.
Nf4 Kf6 47. Nd5+ Kf5 48. Nc7 Nc3 49. Kf3 h6 50. Ke3 Na2 51. Nxb5 d5 52. Nc7
Nxb4 53. Kf3 h5 54. h4 Nc2 55. Nxd5 Nxd4+ 56. Kg3 Ne2+ 57. Kf3 $11 1/2-1/2

[Event "137th YMCA Winter D"]
[Site "Warszawa"]
[Date "2014.03.13"]
[Round "10"]
[White "Wrabel, Antoni"]
[Black "Herman, Monika"]
[Result "1/2-1/2"]
[WhiteElo "1712"]
[BlackElo "1645"]
[Annotator "Admin"]
[PlyCount "119"]
[EventDate "2014.01.06"]
[EventType "tourn"]
[EventRounds "1"]
[EventCountry "POL"]
[SourceDate "2014.01.06"]

1. e4 e5 2. Nf3 Nc6 3. Bb5 a6 4. Ba4 Nf6 5. Qe2 b5 6. Bb3 Be7 7. O-O O-O 8. c3
d6 9. d3 h6 10. h3 Re8 11. a3 Bf8 12. Re1 Bb7 13. Nbd2 Qd7 14. Nf1 Rad8 15. Ne3
Na5 16. Ba2 d5 17. b4 dxe4 18. dxe4 Nc6 19. Nd5 Qd6 20. Bb2 Ne7 21. Nxf6+ Qxf6
22. Nh2 Ng6 23. g3 c5 24. Ng4 Qg5 25. Bc1 Qe7 26. Be3 c4 27. Bc5 Qc7 28. Bxf8
Kxf8 29. Rad1 Re6 30. Bb1 Red6 31. Ne3 R8d7 32. Nf5 Rxd1 33. Rxd1 Qd8 34. Rxd7
Qxd7 35. Bc2 Ne7 36. Nxe7 Kxe7 37. g4 Qd6 38. Qe3 Ke6 39. f3 Ke7 40. h4 Kd7 41.
Kf2 Qf6 42. Kg3 g5 43. h5 Qf4+ 44. Qxf4 gxf4+ 45. Kh4 f6 46. Kh3 Kd6 47. Kg2
Bc8 48. Kf2 Bd7 49. Bd1 Kc6 50. a4 Kd6 51. axb5 Bxb5 52. Be2 Kc6 53. Ke1 Kb6
54. Kd2 a5 55. bxa5+ Kxa5 56. Kc1 Ka4 57. Kb2 Ka5 58. Ka3 Ba6 59. Bd1 Bb5 60.
Bc2 $11 1/2-1/2

[Event "137th YMCA Winter D"]
[Site "Warszawa"]
[Date "2014.02.07"]
[Round "10"]
[White "Borowski, Marek"]
[Black "Kwiek, Janusz"]
[Result "1-0"]
[WhiteElo "1530"]
[BlackElo "1597"]
[PlyCount "147"]
[EventDate "2014.01.06"]
[EventType "tourn"]
[EventRounds "1"]
[EventCountry "POL"]
[SourceDate "2014.01.06"]

1. d4 e6 2. e4 d5 3. Nc3 Nf6 4. e5 Nfd7 5. Nf3 c5 6. Be3 Nc6 7. Be2 cxd4 8.
Bxd4 Nxd4 9. Qxd4 Bc5 10. Qf4 Qb6 11. O-O Qxb2 12. Nb5 O-O 13. Bd3 Qb4 14. Qg3
h6 15. Rfb1 Qa4 16. Qh3 Rd8 17. g4 Be7 18. Qg3 Nc5 19. h4 Nxd3 20. cxd3 a6 21.
Nbd4 g6 22. Rb3 Bc5 23. Ne2 b5 24. d4 Be7 25. g5 hxg5 26. hxg5 Kg7 27. Kg2 Rh8
28. Nf4 Bd7 29. Rbb1 Rac8 30. Rh1 Qa5 31. Rh6 Rxh6 32. gxh6+ Kh7 33. Ng5+ Bxg5
34. Qxg5 Qd8 35. Qg3 Qf8 36. Rh1 Rc4 37. Qd3 f5 38. Qg3 Qf7 39. Qxg6+ Qxg6+ 40.
Nxg6 Rc8 41. Nf4 b4 42. Nd3 Rc4 43. Rh4 a5 44. Nc5 Bc8 45. Nb3 a4 46. Nd2 Rc2
47. Nf3 Rc7 48. Ng5+ Kh8 49. Rh1 b3 50. axb3 axb3 51. Rb1 Rb7 52. Kf3 Bd7 53.
Ke3 Rb6 54. Kd2 Ba4 55. Kc3 Rc6+ 56. Kb2 Rc4 57. Rc1 Bd7 58. Ra1 Rc8 59. Ra7
Be8 60. Rh7+ Kg8 61. Rg7+ Kh8 62. Kxb3 Bh5 63. Re7 Rb8+ 64. Kc3 Rc8+ 65. Kd3
Ra8 66. f4 Ra3+ 67. Kc2 Ra8 68. Nxe6 Ra2+ 69. Kb3 Ra8 70. Kb4 Bf3 71. Ng5 Bg2
72. Rh7+ Kg8 73. Rg7+ Kf8 74. Ne6+ 1-0

[Event "137th YMCA Winter D"]
[Site "Warszawa"]
[Date "2014.01.13"]
[Round "10"]
[White "Bitowt, Jacek"]
[Black "Krzyzewski, Radoslaw"]
[Result "1-0"]
[WhiteElo "1699"]
[BlackElo "1685"]
[PlyCount "35"]
[EventDate "2014.01.06"]
[EventType "tourn"]
[EventRounds "1"]
[EventCountry "POL"]
[SourceDate "2014.01.06"]

1. e4 c5 2. c3 Nc6 3. Nf3 e6 4. d4 cxd4 5. cxd4 Bb4+ 6. Nc3 Qa5 7. Bd2 Nf6 8.
Bd3 O-O 9. O-O Bxc3 10. Bxc3 Qd8 11. d5 exd5 12. exd5 Nb8 13. d6 h6 14. Bc2 b6
15. Re1 a5 16. Qd3 g6 17. Qd4 Kg7 18. Re7 1-0

[Event "137th YMCA Winter D"]
[Site "Warszawa"]
[Date "2014.03.18"]
[Round "10"]
[White "Budrewicz, Henryk"]
[Black "Sanz-Wawer, Daniel"]
[Result "0-1"]
[WhiteElo "1539"]
[BlackElo "1641"]
[PlyCount "64"]
[EventDate "2014.01.06"]
[EventType "tourn"]
[EventRounds "1"]
[EventCountry "POL"]
[SourceDate "2014.01.06"]

1. d4 Nf6 2. Nf3 e6 3. Bf4 b6 4. e3 Bb7 5. Bd3 c5 6. c3 Nc6 7. Nbd2 d5 8. O-O
Bd6 9. Ne5 Bxe5 10. dxe5 Nd7 11. Qg4 g6 12. Nf3 Qc7 13. Bb5 O-O-O 14. Bxc6 Qxc6
15. Rfc1 h5 16. Qh4 Qc7 17. b4 Kb8 18. a4 Rdg8 19. b5 d4 20. exd4 Bxf3 21. gxf3
Qb7 22. Kg2 g5 23. Bxg5 Rg7 24. Kg3 Rhg8 25. f4 f6 26. exf6 Nxf6 27. f3 Nh7 28.
Kf2 Qd5 29. Rg1 cxd4 30. Bf6 Rxg1 31. Be5+ Qxe5 32. fxe5 R8g2# 0-1

[Event "137th YMCA Winter D"]
[Site "Warszawa"]
[Date "2014.03.21"]
[Round "11"]
[White "Sanz-Wawer, Daniel"]
[Black "Bartczak, Hanna"]
[Result "1-0"]
[WhiteElo "1641"]
[BlackElo "1592"]
[PlyCount "72"]
[EventDate "2014.01.06"]
[EventType "tourn"]
[EventRounds "1"]
[EventCountry "POL"]
[SourceDate "2014.01.06"]

1. e4 d6 2. d4 Nf6 3. Nc3 c6 4. Nf3 Nbd7 5. Bf4 Qa5 6. e5 Ne4 7. exd6 Nxc3 8.
bxc3 exd6 9. Bd3 Qxc3+ 10. Bd2 Qa3 11. O-O d5 12. Re1+ Be7 13. Qe2 Nf6 14. Bc1
Qd6 15. a4 Be6 16. Ba3 Qd7 17. Ng5 Bxa3 18. Nxe6 fxe6 19. Rxa3 Kf7 20. Rb3 Rhe8
21. Qe5 Rac8 22. Reb1 b6 23. g4 h6 24. g5 hxg5 25. Qxg5 Rh8 26. Bg6+ Kf8 27.
Rg3 c5 28. Rbb3 cxd4 29. Rbf3 Qe7 30. Qe5 Rh6 31. Qxd4 Kg8 32. Qf4 Kh8 33. Rh3
Ng8 34. Qe5 Rd8 35. Rf7 Qxf7 36. Rxh6+ Nxh6 1-0

[Event "137th YMCA Winter D"]
[Site "Warszawa"]
[Date "2014.03.17"]
[Round "11"]
[White "Kwiek, Janusz"]
[Black "Bitowt, Jacek"]
[Result "0-1"]
[WhiteElo "1597"]
[BlackElo "1699"]
[PlyCount "124"]
[EventDate "2014.01.06"]
[EventType "tourn"]
[EventRounds "1"]
[EventCountry "POL"]
[SourceDate "2014.01.06"]

1. Nf3 Nf6 2. d4 b6 3. c4 e6 4. Nc3 Bb7 5. Bg5 Be7 6. e3 h6 7. Bh4 O-O 8. h3 d5
9. cxd5 Nxd5 10. Bxe7 Qxe7 11. Nxd5 Bxd5 12. Be2 Qb4+ 13. Qd2 Qxd2+ 14. Kxd2
Nd7 15. Rhc1 c6 16. Rc3 b5 17. b3 a5 18. Rac1 a4 19. Bd1 Nf6 20. Ke1 b4 21. Rd3
a3 22. g3 Ne4 23. Ne5 Nc3 24. Rd2 f6 25. Nd7 Rfd8 26. Nb6 Rab8 27. Nxd5 cxd5
28. f3 f5 29. Be2 Kf7 30. Bd3 g5 31. Kf2 Rg8 32. Re1 Rbd8 33. e4 fxe4 34. fxe4
Rgf8 35. Ke3 Kg7 36. e5 Rd7 37. Rf1 Rxf1 38. Bxf1 Rf7 39. Bd3 h5 40. Be2 Kh6
41. g4 h4 42. Ba6 Rc7 43. Bd3 Kg7 44. Kf3 Rf7+ 45. Ke3 Rf4 46. Rh2 Kf8 47. Ba6
Ke7 48. Bd3 Kd7 49. Bh7 Nb5 50. Rd2 Nc3 51. Rh2 Rf1 52. Bg6 Ra1 53. Kd3 Rxa2
54. Rh1 Rf2 55. Ke3 Re2+ 56. Kd3 Rf2 57. Ke3 Rb2 58. Rf1 a2 59. Rf7+ Kc6 60.
Ra7 Rxb3 61. Be8+ Kb6 62. Ra8 Ne4+ 0-1

[Event "137th YMCA Winter D"]
[Site "Warszawa"]
[Date "2014.03.20"]
[Round "11"]
[White "Herman, Monika"]
[Black "Borowski, Marek"]
[Result "1-0"]
[WhiteElo "1645"]
[BlackElo "1530"]
[PlyCount "71"]
[EventDate "2014.01.06"]
[EventType "tourn"]
[EventRounds "1"]
[EventCountry "POL"]
[SourceDate "2014.01.06"]

1. e4 e6 2. d3 d5 3. Nd2 c5 4. g3 Nc6 5. Bg2 Nf6 6. Ngf3 dxe4 7. dxe4 b5 8. O-O
Bd6 9. e5 Nxe5 10. Nxe5 Bxe5 11. Bxa8 h5 12. Nf3 Bd6 13. Bc6+ Kf8 14. Bg5 Qc7
15. Bxb5 Ne4 16. Qd3 Bb7 17. Rad1 f6 18. Bf4 e5 19. Bc1 Ke7 20. Nh4 Rd8 21.
Nf5+ Ke6 22. Nxd6 Nxd6 23. Bc4+ Ke7 24. Bd5 Nf7 25. c4 g5 26. Qg6 Bxd5 27. Rxd5
Rxd5 28. cxd5 Qd7 29. Rd1 Qg4 30. Qd3 c4 31. d6+ Kd7 32. Qd5 Nd8 33. Be3 h4 34.
Bxa7 h3 35. f3 Qf5 36. Qb5+ 1-0

[Event "137th YMCA Winter D"]
[Site "Warszawa"]
[Date "2014.03.17"]
[Round "11"]
[White "Kepa, Wojciech"]
[Black "Wrabel, Antoni"]
[Result "0-1"]
[WhiteElo "1616"]
[BlackElo "1712"]
[Annotator "Admin"]
[PlyCount "94"]
[EventDate "2014.01.06"]
[EventType "tourn"]
[EventRounds "1"]
[EventCountry "POL"]
[SourceDate "2014.01.06"]

1. Nf3 d5 2. g3 c5 3. Bg2 Nc6 4. d4 e6 5. O-O Nf6 6. Bg5 h6 7. Bf4 Qb6 8. dxc5
Bxc5 9. Qc1 Ne4 10. e3 f6 11. c4 g5 12. cxd5 exd5 13. Nc3 Be6 14. Na4 Qb5 15.
Nxc5 Nxc5 16. Bd6 Ne4 17. Ba3 Kf7 18. Nd4 Nxd4 19. exd4 Rac8 20. Qe3 f5 21.
Rfe1 Rhe8 22. Rac1 Qd7 23. Rxc8 Rxc8 24. Rc1 Nf6 25. Rxc8 $11 Qxc8 26. Qd2 b6
27. Bf1 a5 28. Bd3 Qc6 29. b4 Ne4 30. Bxe4 dxe4 31. bxa5 bxa5 32. Bc5 a4 33. a3
Bd5 34. f4 g4 35. Qe3 Qb5 36. Kf2 Bc4 37. Bb4 Qd5 38. Qd2 Bb5 39. Qc3 Qa2+ 40.
Kg1 Qb1+ 41. Qe1 Qd3 42. Bc5 Ke6 43. Qa1 Kd5 44. Qc1 Bc4 45. Ba7 e3 46. Bb6 e2
47. Ba7 Qd1+ 0-1